|
|
|
|
| LEADER |
00000nab a2200000 i 4500 |
| 001 |
publ735 |
| 005 |
20160523122241.0 |
| 008 |
160523s2015 hu o 000 zxx d |
| 022 |
|
|
|a 0133-0179
|
| 040 |
|
|
|a BGE Publikációtár Repozitórium
|b hun
|
| 100 |
1 |
|
|a Losonci Dávid
|
| 245 |
1 |
2 |
|a A modern termelési koncepciók és a szervezeti kultúra kapcsolata
|b Irodalomfeldolgozás
|c Losonci Dávid
|h [elektronikus dokumentum]
|
| 260 |
|
|
|a Budapesti Corvinus Egyetem Gazdálkodástudományi Kar
|c 2015
|
| 300 |
|
|
|a 47-58
|
| 490 |
0 |
|
|a Vezetéstudomány
|v XLVI No. 1
|
| 650 |
|
4 |
|a gazdálkodás- és szervezéstudományok
|
| 695 |
|
|
|a Szervezeti kultúra
|
| 695 |
|
|
|a Termelésirányítás
|
| 700 |
1 |
|
|a Jenei István
|e aut
|
| 700 |
1 |
|
|a Heidrich Balázs
|e aut
|
| 700 |
1 |
|
|a Kása Richárd
|e aut
|
| 856 |
4 |
0 |
|u https://publikaciotar.uni-bge.hu/id/eprint/735/1/Bal%C3%A1zs%20Ricsi%20cikk%202015.pdf
|z Dokumentum-elérés
|